Rich Dad's Who Took My Money (Record no. 56201)

MARC details
000 -LEADER
fixed length control field 00429nam a2200169Ia 4500
008 - FIXED-LENGTH DATA ELEMENTS--GENERAL INFORMATION
fixed length control field 230524s9999 xx 000 0 und d
020 ## - INTERNATIONAL STANDARD BOOK NUMBER
ISBN 9781612680453
082 ## - DEWEY DECIMAL CLASSIFICATION NUMBER
Item number KIY
100 ## - MAIN ENTRY--AUTHOR NAME
Personal name Robert T. Kiyosaki
245 #0 - TITLE STATEMENT
Title Rich Dad's Who Took My Money
250 ## - EDITION STATEMENT
Edition statement 1
260 ## - PUBLICATION, DISTRIBUTION, ETC. (IMPRINT)
Place of publication United States of America
Name of publisher Plata
Year of publication 2012
300 ## - PHYSICAL DESCRIPTION
Number of Pages 243p;
500 ## - GENERAL NOTE
General note Quantity Number: 1
650 ## - SUBJECT ADDED ENTRY--TOPICAL TERM
Topical Term Misalliance
942 ## - ADDED ENTRY ELEMENTS (KOHA)
Koha item type Books
Holdings
Lost status Damaged status Permanent Location Current Location Shelving location Date acquired Full call number Accession Number Koha item type
    Central Library, Trident Academy of Technology Central Library, Trident Academy of Technology General Stacks 05/24/2023 KIY 53432 Books
Trident Academy of Technology © 2023.
All rights reserved.                                                                                                                                                                                                        Designed by Team of Central Library .

Powered by Koha